[Event "World Chess Olympiad 2018"]
[Site "Batumi"]
[Date "2018.10.05"]
[Round "11"]
[Board "1"]
[WhiteFideId "4101898"]
[White "Babarykin Stanislav"]
[BlackFideId "2800020"]
[Black "Gruenfeld Yehuda"]
[Result "1/2-1/2"]
[LiveChessVersion "1.4.8"]
[BlackElo "2418"]
[WhiteElo "2396"]

1. d4 {[%clk 1:30:58]} Nf6 {[%clk 1:30:35]} 2. Bf4 {[%clk 1:31:27]} e6
{[%clk 1:29:27]} 3. e3 {[%clk 1:31:55]} c5 {[%clk 1:27:51]} 4. c3
{[%clk 1:31:30]} d5 {[%clk 1:27:50]} 5. Nd2 {[%clk 1:31:53]} Bd6 {[%clk 1:27:54]}
6. Bg3 {[%clk 1:32:21]} O-O {[%clk 1:28:00]} 7. Ngf3 {[%clk 1:32:42]} Nc6
{[%clk 1:27:22]} 8. Bb5 {[%clk 1:33:01]} Qe7 {[%clk 1:22:36]} 9. Bxc6
{[%clk 1:32:24]} bxc6 {[%clk 1:23:02]} 10. Qa4 {[%clk 1:32:36]} cxd4
{[%clk 1:16:32]} 11. cxd4 {[%clk 1:10:11]} Bd7 {[%clk 1:06:34]} 12. Bxd6
{[%clk 1:09:48]} Qxd6 {[%clk 1:06:58]} 13. O-O {[%clk 1:10:03]} Rfb8
{[%clk 1:05:42]} 14. Qc2 {[%clk 0:59:11]} a5 {[%clk 0:59:01]} 15. Rfc1
{[%clk 0:55:03]} Be8 {[%clk 0:57:34]} 16. b3 {[%clk 0:51:33]} a4 {[%clk 0:54:00]}
17. Ne5 {[%clk 0:46:20]} Rb7 {[%clk 0:46:41]} 18. bxa4 {[%clk 0:37:23]} Qa3
{[%clk 0:42:41]} 19. Nb3 {[%clk 0:36:37]} Qxa4 {[%clk 0:41:48]} 20. Nc5
{[%clk 0:35:49]} Qxc2 {[%clk 0:42:10]} 21. Rxc2 {[%clk 0:36:18]} Rba7
{[%clk 0:41:11]} 22. a4 {[%clk 0:36:30]} Ne4 {[%clk 0:41:26]} 23. Ned3
{[%clk 0:26:41]} Nd6 {[%clk 0:39:25]} 24. Rb2 {[%clk 0:27:04]} Kf8
{[%clk 0:36:13]} 25. Rab1 {[%clk 0:23:10]} Ke7 {[%clk 0:36:38]} 26. f3
{[%clk 0:21:05]} Rc7 {[%clk 0:32:27]} 27. Kf2 {[%clk 0:19:51]} f6
{[%clk 0:32:26]} 28. Rb8 {[%clk 0:18:29]} Raa7 {[%clk 0:29:07]} 29. Nb4
{[%clk 0:18:22]} Ra5 {[%clk 0:23:51]} 30. Nba6 {[%clk 0:18:06]} Ra7
{[%clk 0:24:12]} 31. R1b6 {[%clk 0:18:20]} e5 {[%clk 0:23:34]} 32. g4
{[%clk 0:14:43]} g5 {[%clk 0:22:33]} 33. Nb4 {[%clk 0:14:47]} Rc7
{[%clk 0:22:27]} 34. Rxe8+ {[%clk 0:03:23]} Kxe8 {[%clk 0:22:27]} 35. Nxc6
{[%clk 0:03:50]} Nc8 {[%clk 0:14:54]} 36. Ra6 1/2-1/2

[Event "World Chess Olympiad 2018"]
[Site "Batumi"]
[Date "2018.10.05"]
[Round "11"]
[Board "2"]
[WhiteFideId "24149942"]
[White "Varezhkin Viktor"]
[BlackFideId "4107101"]
[Black "Meshkov Yuri A."]
[Result "0-1"]
[LiveChessVersion "1.4.8"]
[BlackElo "2313"]
[WhiteElo "2261"]

1. d4 {[%clk 1:30:54]} e6 2. Nf3 {[%clk 1:30:43]} Nf6 {[%clk 1:30:17]} 3. g3
{[%clk 1:31:02]} b5 {[%clk 1:30:25]} 4. Bg2 {[%clk 1:31:18]} Bb7 {[%clk 1:30:49]}
5. a4 {[%clk 1:28:17]} b4 {[%clk 1:31:10]} 6. c4 {[%clk 1:27:54]} bxc3
{[%clk 1:26:06]} 7. bxc3 {[%clk 1:27:14]} c5 {[%clk 1:26:10]} 8. O-O
{[%clk 1:24:53]} d5 {[%clk 1:21:46]} 9. Ne5 {[%clk 1:24:08]} Nbd7
{[%clk 1:21:31]} 10. f4 {[%clk 1:23:56]} Be7 {[%clk 1:21:21]} 11. e3
{[%clk 1:21:18]} Qc7 {[%clk 1:19:18]} 12. Ba3 {[%clk 1:17:19]} O-O
{[%clk 1:19:08]} 13. Nd2 {[%clk 1:12:35]} Rfc8 {[%clk 1:14:33]} 14. Bf3
{[%clk 1:03:19]} Rab8 {[%clk 1:13:38]} 15. Qc2 {[%clk 0:44:15]} Nf8
{[%clk 1:13:28]} 16. Qa2 {[%clk 0:39:58]} Ba6 {[%clk 1:10:22]} 17. Rfc1
{[%clk 0:38:51]} N6d7 {[%clk 1:07:56]} 18. c4 {[%clk 0:34:34]} Nxe5
{[%clk 1:08:11]} 19. dxe5 {[%clk 0:33:54]} dxc4 {[%clk 1:06:26]} 20. Nxc4
{[%clk 0:32:45]} Bxc4 {[%clk 1:05:53]} 21. Rxc4 {[%clk 0:28:35]} Nd7
{[%clk 1:06:13]} 22. Qc2 {[%clk 0:26:15]} Nb6 {[%clk 0:58:13]} 23. Rc3
{[%clk 0:22:31]} a5 {[%clk 0:54:41]} 24. Kf2 {[%clk 0:15:19]} c4 {[%clk 0:51:28]}
25. Bxe7 {[%clk 0:14:53]} Qxe7 {[%clk 0:51:55]} 26. Rb1 {[%clk 0:13:56]} g6
{[%clk 0:43:45]} 27. Be2 {[%clk 0:10:52]} Qc5 {[%clk 0:40:05]} 28. Rb5
{[%clk 0:10:29]} Qc7 {[%clk 0:40:24]} 29. e4 {[%clk 0:10:13]} Qa7
{[%clk 0:39:03]} 30. Kf3 {[%clk 0:09:28]} Rc6 {[%clk 0:38:32]} 31. h4
{[%clk 0:09:44]} h5 {[%clk 0:36:15]} 32. Rb1 {[%clk 0:06:15]} Rd8
{[%clk 0:34:58]} 33. Rb5 {[%clk 0:05:20]} Rdc8 {[%clk 0:33:10]} 34. Bf1
{[%clk 0:04:26]} Nd7 {[%clk 0:32:58]} 35. Qd1 {[%clk 0:03:37]} Qc7
{[%clk 0:32:00]} 36. Rb2 {[%clk 0:03:11]} Qa7 {[%clk 0:30:39]} 37. Rd2
{[%clk 0:02:16]} Nb6 {[%clk 0:30:35]} 38. Be2 {[%clk 0:01:48]} Qe7
{[%clk 0:30:35]} 39. Rd6 {[%clk 0:01:03]} Qb7 {[%clk 0:30:00]} 40. Rd8+ Rxd8
{[%clk 0:59:47]} 41. Qxd8+ {[%clk 0:31:05]} Kh7 {[%clk 1:00:11]} 42. Qd1
{[%clk 0:27:04]} Rc7 {[%clk 1:00:15]} 43. Qc2 {[%clk 0:26:55]} Qc6
{[%clk 1:00:32]} 44. Qb1 {[%clk 0:25:31]} Qc5 {[%clk 1:00:27]} 45. Qc2
{[%clk 0:18:02]} Rd7 {[%clk 0:56:26]} 46. Qc1 {[%clk 0:14:12]} Qb4
{[%clk 0:54:01]} 47. Qc2 {[%clk 0:10:28]} Rd4 {[%clk 0:48:27]} 48. Ke3
{[%clk 0:09:41]} Qc5 {[%clk 0:48:01]} 49. Kf3 {[%clk 0:10:05]} Kg7
{[%clk 0:47:57]} 50. Bf1 {[%clk 0:08:24]} Kf8 {[%clk 0:47:44]} 51. Be2
{[%clk 0:08:10]} Ke7 {[%clk 0:47:55]} 52. g4 {[%clk 0:05:24]} hxg4+
{[%clk 0:48:15]} 53. Kxg4 {[%clk 0:05:50]} Qb4 {[%clk 0:47:13]} 54. Kf3
{[%clk 0:04:38]} Kd7 {[%clk 0:45:59]} 55. Qc1 {[%clk 0:02:38]} Kc6
{[%clk 0:44:07]} 56. Qc2 {[%clk 0:01:27]} Kc5 {[%clk 0:43:07]} 57. Kf2
{[%clk 0:00:51]} Nxa4 {[%clk 0:42:43]} 58. Re3 {[%clk 0:00:40]} Nb6
{[%clk 0:41:40]} 0-1

[Event "World Chess Olympiad 2018"]
[Site "Batumi"]
[Date "2018.10.05"]
[Round "11"]
[Board "3"]
[WhiteFideId "14114879"]
[White "Grigorchuk Sergey"]
[BlackFideId "410551"]
[Black "Martin Lewis"]
[Result "1-0"]
[LiveChessVersion "1.4.8"]
[BlackElo "2128"]
[WhiteElo "2288"]

1. d4 d5 2. c4 c6 3. cxd5 cxd5 4. Nc3 Nf6 5. Nf3 Nc6 6. Bf4 Bf5 7. e3 e6 8. Qb3
Bb4 9. Bb5 Qa5 10. O-O O-O 11. Rfc1 Rac8 12. a3 Bxc3 13. Rxc3 Ne4 14. Rcc1 Qb6
15. Qa4 Na5 16. b4 Nc4 17. Bxc4 dxc4 18. Ne5 c3 19. Nd7 Qc6 20. Qxc6 Rxc6 21.
Nxf8 Kxf8 22. f3 Nf6 23. e4 Bg6 24. Ra2 Nd7 25. Rac2 Rc4 26. Bd6+ Ke8 27. Rxc3
1-0

[Event "World Chess Olympiad 2018"]
[Site "Batumi"]
[Date "2018.10.05"]
[Round "11"]
[Board "4"]
[WhiteFideId "12805165"]
[White "Jankunas Tomas"]
[BlackFideId "2205505"]
[Black "Palacios Perez Manuel"]
[Result "1-0"]
[LiveChessVersion "1.4.8"]
[BlackElo "2151"]
[WhiteElo "2093"]

1. e4 e6 2. d4 d5 3. Nd2 Be7 4. Bd3 c5 5. exd5 exd5 6. dxc5 Bxc5 7. Ngf3 Nc6 8.
O-O Nge7 9. Nb3 Bd6 10. Re1 Bg4 11. c3 Qc7 12. h3 Bh5 13. Nbd4 Nxd4 14. cxd4 a6
15. Bd2 Bg6 16. Rc1 Qd8 17. Bxg6 hxg6 18. Qb3 Rb8 19. Bb4 O-O 20. Bxd6 Qxd6 21.
Re5 Rfd8 22. Rce1 Nc6 23. R5e3 Qb4 24. Qxb4 Nxb4 25. Re7 Nc6 26. Rc7 Rd6 27. Ng5
Rf8 28. Nf3 b5 29. Rc1 Nd8 30. Ra7 Ne6 31. Ne5 g5 32. Rc6 Rdd8 33. Nf3 Rc8 34.
Raxa6 Rxc6 35. Rxc6 Ra8 36. Rb6 Ra4 37. Rxb5 Nxd4 38. Nxd4 Rxd4 39. Kf1 f6 40.
Ke2 Kf7 41. Rb7+ Kg6 42. b4 Kf5 43. a4 g4 44. hxg4+ Rxg4 45. a5 Rxg2 46. a6 Rg1
47. a7 Ra1 48. b5 Ke4 49. Re7+ Kd4 50. b6 Kc5 51. Re8 1-0

[Event "World Chess Olympiad 2018"]
[Site "Batumi"]
[Date "2018.10.05"]
[Round "11"]
[Board "1"]
[WhiteFideId "6702309"]
[White "Giron Jorge Ernesto"]
[BlackFideId "14001101"]
[Black "Atabayev Maksat"]
[Result "0-1"]
[LiveChessVersion "1.4.8"]
[BlackElo "2505"]
[WhiteElo "2303"]

1. e4 {[%clk 1:30:48]} c5 {[%clk 1:30:43]} 2. Nf3 {[%clk 1:31:12]} d6
{[%clk 1:30:51]} 3. d4 {[%clk 1:31:36]} cxd4 {[%clk 1:31:16]} 4. Nxd4
{[%clk 1:32:01]} Nf6 {[%clk 1:31:40]} 5. Nc3 {[%clk 1:32:25]} Nc6
{[%clk 1:32:07]} 6. Bg5 {[%clk 1:31:55]} Bd7 {[%clk 1:31:35]} 7. Qd2
{[%clk 1:28:48]} Rc8 {[%clk 1:31:34]} 8. f4 {[%clk 1:28:16]} Nxd4
{[%clk 1:22:09]} 9. Qxd4 {[%clk 1:28:42]} Qa5 {[%clk 1:22:34]} 10. e5
{[%clk 1:23:09]} dxe5 {[%clk 1:22:26]} 11. fxe5 {[%clk 1:23:36]} e6
{[%clk 1:22:51]} 12. Bxf6 {[%clk 1:21:51]} gxf6 {[%clk 1:23:13]} 13. O-O-O
{[%clk 1:22:09]} Bc6 {[%clk 1:10:29]} 14. exf6 {[%clk 1:21:39]} Rg8
{[%clk 1:04:46]} 15. Be2 {[%clk 1:09:27]} Rd8 {[%clk 0:38:49]} 16. Qc4
{[%clk 1:08:29]} Rxg2 {[%clk 0:31:56]} 17. Kb1 {[%clk 1:07:48]} Bd6
{[%clk 0:22:21]} 18. Rhg1 {[%clk 0:55:18]} Rg6 {[%clk 0:15:02]} 19. Qh4
{[%clk 0:53:41]} Bf8 {[%clk 0:11:23]} 20. Bd3 {[%clk 0:46:38]} Rxg1
{[%clk 0:08:41]} 21. Rxg1 {[%clk 0:47:04]} Qe5 {[%clk 0:09:07]} 22. Qxh7
{[%clk 0:45:15]} Qxf6 {[%clk 0:08:44]} 23. Rf1 {[%clk 0:45:16]} Qg7
{[%clk 0:09:13]} 24. Qh5 {[%clk 0:45:38]} Rd7 {[%clk 0:09:18]} 25. Ne4
{[%clk 0:32:40]} Be7 {[%clk 0:08:28]} 26. Nc5 {[%clk 0:31:58]} Rd6
{[%clk 0:03:57]} 27. a3 {[%clk 0:30:22]} Bf6 {[%clk 0:04:06]} 28. Ne4
{[%clk 0:25:55]} Bxe4 {[%clk 0:03:04]} 29. Bxe4 {[%clk 0:26:22]} Rb6
{[%clk 0:03:29]} 30. b4 {[%clk 0:26:48]} Qg5 {[%clk 0:03:12]} 31. Qxg5
{[%clk 0:25:03]} Bxg5 {[%clk 0:03:36]} 32. Ka2 {[%clk 0:20:41]} f5
{[%clk 0:03:37]} 33. Bg2 {[%clk 0:21:08]} Ke7 {[%clk 0:03:26]} 34. Kb3
{[%clk 0:21:32]} Bf6 {[%clk 0:02:56]} 35. c3 {[%clk 0:12:44]} Kd7
{[%clk 0:02:05]} 36. Kc4 {[%clk 0:11:56]} Kc7 {[%clk 0:02:08]} 37. Rd1
{[%clk 0:06:25]} Ra6 {[%clk 0:02:27]} 38. Kb3 {[%clk 0:06:40]} b5
{[%clk 0:02:49]} 39. Bf1 {[%clk 0:04:40]} Rc6 {[%clk 0:02:59]} 40. c4
{[%clk 0:35:06]} bxc4+ {[%clk 0:33:05]} 41. Bxc4 {[%clk 0:35:30]} e5
{[%clk 0:33:19]} 42. Bd5 {[%clk 0:34:13]} Rd6 {[%clk 0:33:42]} 43. Kc4
{[%clk 0:34:39]} Be7 {[%clk 0:33:36]} 44. Rf1 {[%clk 0:33:57]} Rf6
{[%clk 0:33:56]} 45. h4 {[%clk 0:34:10]} Kd6 {[%clk 0:29:54]} 46. h5
{[%clk 0:32:38]} e4 {[%clk 0:29:42]} 47. h6 {[%clk 0:31:34]} Ke5 {[%clk 0:29:11]}
48. Rh1 {[%clk 0:28:34]} Rf8 {[%clk 0:29:35]} 49. Bb7 {[%clk 0:27:03]} Rb8
{[%clk 0:26:48]} 50. h7 {[%clk 0:27:20]} Bf6 {[%clk 0:27:16]} 51. Bc6
{[%clk 0:27:27]} Rd8 {[%clk 0:27:37]} 52. Re1 {[%clk 0:25:52]} Rd3
{[%clk 0:26:48]} 53. a4 {[%clk 0:23:40]} Kd6 {[%clk 0:24:42]} 54. Kb5
{[%clk 0:24:08]} Rh3 {[%clk 0:21:12]} 55. Rd1+ {[%clk 0:23:18]} Ke6
{[%clk 0:21:36]} 56. Bd7+ {[%clk 0:20:02]} Ke5 {[%clk 0:22:01]} 57. Kc6
{[%clk 0:20:12]} Rc3+ {[%clk 0:19:06]} 58. Kb7 {[%clk 0:20:38]} f4
{[%clk 0:17:38]} 59. b5 {[%clk 0:13:25]} f3 {[%clk 0:17:44]} 60. Kxa7
{[%clk 0:12:16]} e3 {[%clk 0:14:24]} 61. Bg4 {[%clk 0:12:20]} e2 {[%clk 0:14:22]}
62. Rb1 {[%clk 0:08:26]} Kf4 {[%clk 0:10:30]} 63. Bxf3 {[%clk 0:07:13]} Rxf3
{[%clk 0:09:09]} 64. b6 {[%clk 0:07:26]} Rh3 {[%clk 0:01:24]} 65. b7
{[%clk 0:07:07]} Rxh7 {[%clk 0:01:48]} 66. Ka8 {[%clk 0:02:13]} Be5
{[%clk 0:02:12]} 67. a5 {[%clk 0:01:51]} Rh8+ {[%clk 0:02:27]} 68. Ka7
{[%clk 0:02:17]} Kf3 {[%clk 0:02:36]} 0-1

[Event "World Chess Olympiad 2018"]
[Site "Batumi"]
[Date "2018.10.05"]
[Round "11"]
[Board "2"]
[WhiteFideId "14000571"]
[White "Atabayev Saparmyrat"]
[BlackFideId "6700098"]
[Black "Chavez Ricardo Ernesto"]
[Result "1/2-1/2"]
[LiveChessVersion "1.4.8"]
[BlackElo "2244"]
[WhiteElo "2443"]

1. d4 {[%clk 1:30:59]} Nf6 {[%clk 1:30:49]} 2. c4 {[%clk 1:31:23]} c5
{[%clk 1:30:00]} 3. d5 {[%clk 1:31:48]} b5 {[%clk 1:30:25]} 4. cxb5
{[%clk 1:31:56]} a6 {[%clk 1:30:48]} 5. b6 {[%clk 1:31:30]} g6 {[%clk 1:31:03]}
6. Nc3 {[%clk 1:31:46]} d6 {[%clk 1:31:26]} 7. Nf3 {[%clk 1:31:56]} Bg7
{[%clk 1:31:49]} 8. Qb3 {[%clk 1:25:32]} Bb7 {[%clk 1:29:41]} 9. Nd2
{[%clk 1:25:33]} Nbd7 {[%clk 1:23:28]} 10. Nc4 {[%clk 1:24:44]} O-O
{[%clk 1:06:46]} 11. e4 {[%clk 1:24:20]} a5 {[%clk 1:00:43]} 12. f3
{[%clk 1:23:45]} Ne8 {[%clk 0:49:38]} 13. Bd2 {[%clk 1:20:22]} e6
{[%clk 0:44:12]} 14. dxe6 {[%clk 1:19:58]} fxe6 {[%clk 0:44:30]} 15. Na4
{[%clk 1:20:09]} Bc6 {[%clk 0:39:26]} 16. Bxa5 {[%clk 1:12:49]} d5
{[%clk 0:37:26]} 17. exd5 {[%clk 0:52:58]} exd5 {[%clk 0:37:35]} 18. O-O-O
{[%clk 0:38:26]} dxc4 {[%clk 0:37:23]} 19. Bxc4+ {[%clk 0:38:41]} Kh8
{[%clk 0:37:19]} 20. b7 {[%clk 0:36:08]} Rxa5 {[%clk 0:21:31]} 21. Rxd7
{[%clk 0:35:42]} Qb8 {[%clk 0:20:00]} 22. Nb6 {[%clk 0:33:03]} Ra7
{[%clk 0:17:50]} 23. Rhd1 {[%clk 0:28:29]} Rxb7 {[%clk 0:14:31]} 24. Rxb7
{[%clk 0:28:50]} Qxb7 {[%clk 0:14:47]} 25. Nd7 {[%clk 0:28:55]} Qxb3
{[%clk 0:10:35]} 26. Bxb3 {[%clk 0:29:04]} Bxd7 {[%clk 0:09:03]} 27. Rxd7
{[%clk 0:29:28]} Bd4 {[%clk 0:06:37]} 28. Bc4 {[%clk 0:23:47]} Nf6
{[%clk 0:06:39]} 29. Rb7 {[%clk 0:20:27]} Be5 {[%clk 0:05:46]} 30. h3
{[%clk 0:19:53]} Rb8 {[%clk 0:05:16]} 31. Rxb8+ {[%clk 0:19:59]} Bxb8
{[%clk 0:05:40]} 32. Kc2 {[%clk 0:20:08]} Kg7 {[%clk 0:04:46]} 33. Kb3
{[%clk 0:19:58]} Ne8 {[%clk 0:04:50]} 34. Ka4 {[%clk 0:19:12]} Nd6
{[%clk 0:05:13]} 35. Bd3 {[%clk 0:19:12]} Kf6 {[%clk 0:05:26]} 36. f4
{[%clk 0:19:20]} Ke6 {[%clk 0:04:52]} 37. g4 {[%clk 0:19:22]} Kd5
{[%clk 0:04:11]} 38. Bc2 {[%clk 0:13:53]} Bc7 {[%clk 0:03:00]} 39. h4
{[%clk 0:13:38]} Nc4 {[%clk 0:02:42]} 40. f5 {[%clk 0:37:02]} Ne3
{[%clk 0:31:54]} 41. fxg6 {[%clk 0:36:52]} hxg6 {[%clk 0:31:35]} 42. Bxg6
{[%clk 0:37:15]} Nxg4 {[%clk 0:31:58]} 43. Kb5 {[%clk 0:37:30]} Ne5
{[%clk 0:27:13]} 44. h5 {[%clk 0:37:21]} Kd4 {[%clk 0:12:31]} 45. a4
{[%clk 0:35:08]} Nc4 {[%clk 0:11:55]} 46. h6 {[%clk 0:30:58]} Be5
{[%clk 0:10:54]} 47. h7 {[%clk 0:30:52]} Ne3 {[%clk 0:03:16]} 48. Bf7
{[%clk 0:21:56]} Nc2 {[%clk 0:03:29]} 49. b3 {[%clk 0:22:21]} Nb4
{[%clk 0:03:04]} 50. Bc4 {[%clk 0:22:47]} Bh8 {[%clk 0:03:15]} 51. Kb6
{[%clk 0:23:14]} Bg7 {[%clk 0:02:54]} 52. Kc7 {[%clk 0:23:42]} Be5+
{[%clk 0:02:32]} 53. Kd7 {[%clk 0:24:08]} Bh8 {[%clk 0:02:35]} 54. Ke6
{[%clk 0:24:29]} Nc6 {[%clk 0:02:52]} 55. Kd6 {[%clk 0:23:51]} Na5
{[%clk 0:01:43]} 56. Bf7 {[%clk 0:22:50]} Bg7 {[%clk 0:01:45]} 57. Bg8
{[%clk 0:22:28]} Be5+ {[%clk 0:01:53]} 58. Kd7 {[%clk 0:22:44]} Kc3
{[%clk 0:02:08]} 59. Bd5 {[%clk 0:22:50]} Kb4 {[%clk 0:02:31]} 60. Ke6
{[%clk 0:23:15]} Bc3 {[%clk 0:02:49]} 61. Kf7 {[%clk 0:23:29]} Bd4
{[%clk 0:02:55]} 62. Kg8 {[%clk 0:23:23]} c4 {[%clk 0:02:17]} 63. Bxc4
{[%clk 0:23:15]} Nxc4 {[%clk 0:02:40]} 64. bxc4 {[%clk 0:23:43]} 1/2-1/2

[Event "World Chess Olympiad 2018"]
[Site "Batumi"]
[Date "2018.10.05"]
[Round "11"]
[Board "3"]
[WhiteFideId "6700284"]
[White "Arias Lemnys A."]
[BlackFideId "14003937"]
[Black "Nurmamedov Azat"]
[Result "1-0"]
[LiveChessVersion "1.4.8"]
[BlackElo "2349"]
[WhiteElo "2294"]

1. d4 {[%clk 1:30:48]} Nf6 {[%clk 1:30:55]} 2. c4 {[%clk 1:31:05]} e6
{[%clk 1:31:21]} 3. Nf3 {[%clk 1:31:28]} b6 {[%clk 1:31:08]} 4. a3
{[%clk 1:31:48]} Ba6 {[%clk 1:29:04]} 5. Qc2 {[%clk 1:31:15]} d5 {[%clk 1:24:48]}
6. cxd5 {[%clk 1:27:30]} exd5 {[%clk 1:23:05]} 7. Bg5 {[%clk 1:27:52]} Be7
{[%clk 1:22:26]} 8. Nc3 {[%clk 1:24:41]} O-O {[%clk 1:22:22]} 9. Rd1
{[%clk 1:23:32]} Nbd7 {[%clk 1:21:33]} 10. g3 {[%clk 1:18:16]} c6
{[%clk 1:12:19]} 11. Bxf6 {[%clk 1:13:46]} Nxf6 {[%clk 1:10:46]} 12. Bg2
{[%clk 1:13:46]} Bd6 {[%clk 0:56:47]} 13. O-O {[%clk 1:13:59]} Qc7
{[%clk 0:55:34]} 14. Rfe1 {[%clk 1:13:51]} Rae8 {[%clk 0:55:04]} 15. e4
{[%clk 1:11:59]} dxe4 {[%clk 0:53:59]} 16. Nxe4 {[%clk 1:12:19]} Nxe4
{[%clk 0:53:14]} 17. Rxe4 {[%clk 1:12:40]} Rxe4 {[%clk 0:45:14]} 18. Qxe4
{[%clk 1:12:56]} c5 {[%clk 0:45:09]} 19. Ng5 {[%clk 1:10:31]} g6 {[%clk 0:45:19]}
20. Qh4 {[%clk 1:10:42]} h5 {[%clk 0:45:00]} 21. Ne4 {[%clk 0:58:48]} Be7
{[%clk 0:39:23]} 22. Nf6+ {[%clk 0:59:06]} Bxf6 {[%clk 0:39:51]} 23. Qxf6
{[%clk 0:59:28]} cxd4 {[%clk 0:34:02]} 24. Qxd4 {[%clk 0:59:40]} Be2
{[%clk 0:32:38]} 25. Re1 {[%clk 0:58:00]} Rd8 {[%clk 0:32:52]} 26. Bd5
{[%clk 0:58:15]} Bf3 {[%clk 0:31:10]} 27. Qc4 {[%clk 0:56:32]} Qxc4
{[%clk 0:30:51]} 28. Bxc4 {[%clk 0:57:00]} Rd2 {[%clk 0:31:03]} 29. b3
{[%clk 0:57:08]} g5 {[%clk 0:30:13]} 30. Kf1 {[%clk 0:54:44]} g4 {[%clk 0:28:32]}
31. a4 {[%clk 0:53:21]} Kg7 {[%clk 0:28:33]} 32. Re7 {[%clk 0:50:40]} Kg6
{[%clk 0:24:59]} 33. Be2 {[%clk 0:45:37]} Bd5 {[%clk 0:22:56]} 34. Rxa7
{[%clk 0:44:29]} Rb2 {[%clk 0:18:43]} 35. Bc4 {[%clk 0:44:14]} Bxc4+
{[%clk 0:06:26]} 36. bxc4 {[%clk 0:44:35]} Rb4 {[%clk 0:06:54]} 37. Rb7
{[%clk 0:43:25]} Rxc4 {[%clk 0:06:41]} 38. Rxb6+ {[%clk 0:43:36]} Kf5
{[%clk 0:06:09]} 39. a5 {[%clk 0:43:49]} Ra4 {[%clk 0:06:27]} 40. a6
{[%clk 1:13:57]} Ra2 {[%clk 0:36:10]} 41. Ke1 {[%clk 1:13:11]} Kg5
{[%clk 0:35:26]} 42. Kd1 {[%clk 1:12:37]} f5 {[%clk 0:31:34]} 43. Kc1
{[%clk 1:12:16]} h4 {[%clk 0:17:07]} 44. Kb1 {[%clk 1:12:17]} Ra5
{[%clk 0:17:22]} 45. Kb2 {[%clk 1:12:37]} f4 {[%clk 0:13:25]} 46. Kb3
{[%clk 1:10:54]} fxg3 {[%clk 0:12:48]} 47. fxg3 {[%clk 1:11:02]} hxg3
{[%clk 0:10:54]} 48. hxg3 {[%clk 1:11:22]} Kf5 {[%clk 0:11:18]} 49. Kb4
{[%clk 1:11:44]} Ra1 {[%clk 0:11:43]} 50. Rb5+ {[%clk 1:12:06]} Ke4
{[%clk 0:12:12]} 51. Ra5 {[%clk 1:12:23]} Rb1+ {[%clk 0:12:38]} 52. Kc5
{[%clk 1:12:48]} Rb8 {[%clk 0:09:59]} 53. a7 {[%clk 1:13:01]} Ra8
{[%clk 0:10:25]} 1-0

[Event "World Chess Olympiad 2018"]
[Site "Batumi"]
[Date "2018.10.05"]
[Round "11"]
[Board "4"]
[WhiteFideId "14001128"]
[White "Atabayev Yusup"]
[BlackFideId "6700187"]
[Black "Burgos Figueroa Carlos E."]
[Result "1-0"]
[LiveChessVersion "1.4.8"]
[BlackElo "2222"]
[WhiteElo "2411"]

1. e4 {[%clk 1:30:53]} c5 {[%clk 1:30:45]} 2. c3 {[%clk 1:31:00]} Nf6
{[%clk 1:30:12]} 3. e5 {[%clk 1:31:22]} Nd5 {[%clk 1:30:41]} 4. Nf3
{[%clk 1:31:37]} Nc6 {[%clk 1:31:02]} 5. d4 {[%clk 1:31:45]} cxd4
{[%clk 1:31:27]} 6. cxd4 {[%clk 1:32:10]} d6 {[%clk 1:31:38]} 7. Bc4
{[%clk 1:32:12]} Nb6 {[%clk 1:31:53]} 8. Bb5 {[%clk 1:31:05]} d5 {[%clk 1:29:26]}
9. O-O {[%clk 1:30:08]} Bd7 {[%clk 1:29:02]} 10. Nc3 {[%clk 1:27:53]} a6
{[%clk 1:29:28]} 11. Bd3 {[%clk 1:27:26]} Bg4 {[%clk 1:29:48]} 12. Be3
{[%clk 1:24:04]} e6 {[%clk 1:30:00]} 13. a3 {[%clk 1:18:45]} Na5 {[%clk 1:29:09]}
14. Ne2 {[%clk 1:16:55]} Bh5 {[%clk 1:27:10]} 15. Nf4 {[%clk 1:14:17]} Bg6
{[%clk 1:27:35]} 16. Nxg6 {[%clk 1:12:20]} hxg6 {[%clk 1:28:03]} 17. Bd2
{[%clk 1:12:28]} Nac4 {[%clk 1:24:03]} 18. Bc3 {[%clk 1:10:32]} Rc8
{[%clk 1:23:45]} 19. a4 {[%clk 1:10:42]} Nd7 {[%clk 1:16:38]} 20. a5
{[%clk 1:06:34]} Rc6 {[%clk 1:02:38]} 21. Ra4 {[%clk 1:01:22]} Qc8
{[%clk 1:01:12]} 22. Qe2 {[%clk 1:00:53]} Be7 {[%clk 0:59:05]} 23. Rfa1
{[%clk 1:00:55]} O-O {[%clk 0:57:33]} 24. Be1 {[%clk 1:00:55]} b5
{[%clk 0:45:36]} 25. axb6 {[%clk 1:01:05]} Rxb6 {[%clk 0:46:01]} 26. Bxc4
{[%clk 0:55:30]} dxc4 {[%clk 0:45:41]} 27. Qxc4 {[%clk 0:53:57]} Rxb2
{[%clk 0:45:51]} 28. Qd3 {[%clk 0:51:51]} Nb6 {[%clk 0:45:23]} 29. Rxa6
{[%clk 0:47:46]} Nd5 {[%clk 0:45:48]} 30. Ra7 {[%clk 0:47:05]} Qc2
{[%clk 0:46:01]} 31. Qxc2 {[%clk 0:46:54]} Rxc2 {[%clk 0:46:29]} 32. Rb7
{[%clk 0:47:13]} Rc7 {[%clk 0:46:41]} 33. Rxc7 {[%clk 0:45:24]} Nxc7
{[%clk 0:47:03]} 34. Bd2 {[%clk 0:44:36]} Nd5 {[%clk 0:47:30]} 35. h4
{[%clk 0:44:38]} Rb8 {[%clk 0:46:02]} 36. Ra7 {[%clk 0:43:58]} Rb1+
{[%clk 0:42:06]} 37. Kh2 {[%clk 0:44:22]} Rb8 {[%clk 0:42:32]} 38. g3
{[%clk 0:41:34]} Rc8 {[%clk 0:42:51]} 39. Kg2 {[%clk 0:41:00]} Bd8
{[%clk 0:38:40]} 40. Kf1 {[%clk 1:07:43]} Bb6 {[%clk 1:08:54]} 41. Ra6
{[%clk 1:07:21]} Rb8 {[%clk 1:08:44]} 42. Ba5 {[%clk 1:06:12]} Bxa5
{[%clk 1:05:11]} 43. Rxa5 {[%clk 1:06:28]} Rb1+ {[%clk 1:05:19]} 44. Kg2
{[%clk 1:05:55]} f6 {[%clk 1:05:42]} 45. Ra2 {[%clk 1:04:53]} Rd1
{[%clk 1:04:40]} 46. Nd2 {[%clk 1:00:45]} Nc3 {[%clk 1:01:25]} 47. Ra8+
{[%clk 1:00:39]} Kf7 {[%clk 1:01:53]} 48. Nf3 {[%clk 0:58:56]} Nd5
{[%clk 1:00:10]} 49. Ra2 {[%clk 0:59:06]} Rd3 {[%clk 1:00:17]} 50. Rd2
{[%clk 0:58:12]} Ra3 {[%clk 0:57:46]} 51. Ne1 {[%clk 0:55:51]} Nb4
{[%clk 0:52:24]} 52. Nf3 {[%clk 0:54:56]} Nd5 {[%clk 0:52:49]} 53. Ng1
{[%clk 0:55:20]} Ra1 {[%clk 0:52:12]} 54. Nh3 {[%clk 0:54:58]} Re1
{[%clk 0:51:26]} 55. Ng1 {[%clk 0:54:15]} Ra1 {[%clk 0:50:45]} 56. Ne2
{[%clk 0:54:38]} Re1 {[%clk 0:49:32]} 57. Kf3 {[%clk 0:54:42]} g5
{[%clk 0:46:25]} 58. hxg5 {[%clk 0:54:16]} fxg5 {[%clk 0:46:53]} 59. g4
{[%clk 0:50:13]} Ra1 {[%clk 0:44:36]} 60. Rd3 {[%clk 0:49:47]} Ra2
{[%clk 0:43:10]} 61. Ng3 {[%clk 0:48:33]} Nf4 {[%clk 0:39:06]} 62. Rb3
{[%clk 0:47:48]} Nd5 {[%clk 0:38:07]} 63. Rb7+ {[%clk 0:46:56]} Kf8
{[%clk 0:37:12]} 64. Ne4 {[%clk 0:43:06]} Ra3+ {[%clk 0:34:41]} 65. Kg2
{[%clk 0:43:26]} Nf4+ {[%clk 0:35:05]} 66. Kh2 {[%clk 0:43:42]} Rh3+
{[%clk 0:29:28]} 67. Kg1 {[%clk 0:44:04]} Rd3 {[%clk 0:28:16]} 68. Nxg5
{[%clk 0:43:50]} Rxd4 {[%clk 0:27:34]} 69. Kh2 {[%clk 0:42:31]} Ra4
{[%clk 0:25:55]} 70. Kg3 {[%clk 0:42:41]} Ne2+ {[%clk 0:25:41]} 71. Kh3
{[%clk 0:42:24]} Nd4 {[%clk 0:21:05]} 72. Rf7+ {[%clk 0:40:19]} Kg8
{[%clk 0:21:19]} 73. Rd7 {[%clk 0:40:32]} Ra3+ {[%clk 0:20:49]} 74. Kg2
{[%clk 0:40:35]} Nc6 {[%clk 0:21:09]} 75. Rc7 {[%clk 0:40:52]} Nd8
{[%clk 0:20:33]} 76. Rc8 {[%clk 0:41:16]} 1-0